Príprava rekombinantnej styrén monooxygenázy
Enregistré dans:
| Auteur principal: | |
|---|---|
| Autres auteurs: | |
| Format: | Manuscrit Livre |
| Langue: | slovaque |
| Publié: |
2019
|
| Sujets: | |
| Accès en ligne: | http://is.stuba.sk/zp/portal_zp.pl?podrobnosti=125859 |
| Tags: |
Pas de tags, Soyez le premier à ajouter un tag!
|
MARC
| LEADER | 00000ntm a22000003a 4500 | ||
|---|---|---|---|
| 001 | stuzp74842 | ||
| 003 | SK-STU | ||
| 005 | 20190622212256.5 | ||
| 007 | ta | ||
| 008 | 150427s2015----xo-----f-mn---000-0-slo-d | ||
| 040 | |a STU |b slo | ||
| 041 | 0 | |a slo | |
| 100 | 1 | |a Hudecová, Silvia |u 044000 |4 aut |U FCHPT Fakulta chemickej a potravinárskej technológie |T FCHPT Ústav biotechnológie |X 81654 |U C4000 |Y 102 |7 81654 | |
| 242 | 0 | 1 | |a Recombinant Styrene Monooxygenase Production |y eng |
| 245 | 1 | 0 | |a Príprava rekombinantnej styrén monooxygenázy |
| 260 | |c 2019 | ||
| 650 | 4 | |a rekombinantné proteíny |2 slo | |
| 650 | 4 | |a styrén monooxygenáza |2 slo | |
| 650 | 4 | |a (S)-styrénoxid |2 slo | |
| 650 | 4 | |a biokatalýza |2 slo | |
| 650 | 4 | |a recombinant proteins |2 eng | |
| 650 | 4 | |a styrene monooxygenase |2 eng | |
| 650 | 4 | |a (S)-styrene oxide |2 eng | |
| 650 | 4 | |a biocatalysis |2 eng | |
| 700 | 1 | |a Rebroš, Martin |u 044000 |k Z1 |4 ths |U FCHPT Fakulta chemickej a potravinárskej technológie |T FCHPT Ústav biotechnológie |X 4015 |U C4000 |Y 102 |7 A000004015 | |
| 856 | 4 | |u http://is.stuba.sk/zp/portal_zp.pl?podrobnosti=125859 | |